|
|
|
|
| LEADER |
00000cam a22000004a 4500 |
| 001 |
musev2_69050 |
| 003 |
MdBmJHUP |
| 005 |
20230905051133.0 |
| 006 |
m o d |
| 007 |
cr||||||||nn|n |
| 008 |
100802s2002 ncu o 00 0 eng d |
| 020 |
|
|
|a 9780822383703
|
| 020 |
|
|
|z 9780822328667
|
| 020 |
|
|
|z 9780822328513
|
| 035 |
|
|
|a (OCoLC)1139361352
|
| 040 |
|
|
|a MdBmJHUP
|c MdBmJHUP
|
| 100 |
1 |
|
|a San Juan, E.
|q (Epifanio),
|c Jr.,
|d 1938-
|e author.
|
| 245 |
1 |
0 |
|a Racism and Cultural Studies :
|b Critiques of Multiculturalist Ideology and the Politics of Difference /
|c E. San Juan, Jr.
|
| 264 |
|
1 |
|a Durham :
|b Duke University Press,
|c 2002.
|
| 264 |
|
3 |
|a Baltimore, Md. :
|b Project MUSE,
|c 2020
|
| 264 |
|
4 |
|c ©2002.
|
| 300 |
|
|
|a 1 online resource (440 pages).
|
| 336 |
|
|
|a text
|b txt
|2 rdacontent
|
| 337 |
|
|
|a computer
|b c
|2 rdamedia
|
| 338 |
|
|
|a online resource
|b cr
|2 rdacarrier
|
| 490 |
0 |
|
|a New Americanists
|
| 505 |
0 |
|
|a "Can we get along?" : racial politics and institutional racism -- Performing race : articulations of gender, sexuality, and nationalism -- Allegories of Asian American experience -- Ethnicity and the political economy of difference -- "Culture wars" revisited -- Questioning contemporary cultural studies -- Postcolonial criticism and the vicissitudes of uneven development -- For a permanent cultural revolution : from Raymond Williams to Frantz Fanon.
|
| 520 |
|
|
|a A historical critique of practices in multiculturalism and cultural studies.
|
| 588 |
|
|
|a Description based on print version record.
|
| 650 |
|
7 |
|a Kulturwissenschaften
|2 gnd
|
| 650 |
|
7 |
|a Multikulturelle Gesellschaft
|2 gnd
|
| 650 |
|
7 |
|a Ethnische Beziehungen
|2 gnd
|
| 650 |
|
7 |
|a Ethnizität
|2 gnd
|
| 650 |
|
7 |
|a Rassismus
|2 gnd
|
| 650 |
|
7 |
|a Racism.
|2 fast
|0 (OCoLC)fst01086616
|
| 650 |
|
7 |
|a Multiculturalism.
|2 fast
|0 (OCoLC)fst01028836
|
| 650 |
|
7 |
|a Ethnicity.
|2 fast
|0 (OCoLC)fst00916034
|
| 650 |
|
7 |
|a Culture
|x Study and teaching.
|2 fast
|0 (OCoLC)fst00885086
|
| 650 |
|
7 |
|a SOCIAL SCIENCE / Discrimination & Race Relations
|2 bisacsh
|
| 650 |
|
7 |
|a SOCIAL SCIENCE
|x Minority Studies.
|2 bisacsh
|
| 650 |
|
7 |
|a SOCIAL SCIENCE
|x Ethnic Studies
|x General.
|2 bisacsh
|
| 650 |
|
7 |
|a SOCIAL SCIENCE
|x Discrimination & Race Relations.
|2 bisacsh
|
| 650 |
|
7 |
|a SOCIAL SCIENCE
|x Anthropology
|x Cultural.
|2 bisacsh
|
| 650 |
|
7 |
|a ethnicity.
|2 aat
|
| 650 |
|
7 |
|a multiculturalism.
|2 aat
|
| 650 |
|
6 |
|a Culture
|x Étude et enseignement.
|
| 650 |
|
6 |
|a Ethnicite.
|
| 650 |
|
6 |
|a Multiculturalisme.
|
| 650 |
|
6 |
|a Racisme.
|
| 650 |
|
0 |
|a Culture
|x Study and teaching.
|
| 650 |
|
0 |
|a Ethnicity.
|
| 650 |
|
0 |
|a Multiculturalism.
|
| 650 |
|
0 |
|a Racism.
|
| 655 |
|
7 |
|a Electronic books.
|2 local
|
| 710 |
2 |
|
|a Project Muse.
|e distributor
|
| 830 |
|
0 |
|a Book collections on Project MUSE.
|
| 856 |
4 |
0 |
|z Texto completo
|u https://projectmuse.uam.elogim.com/book/69050/
|
| 945 |
|
|
|a Project MUSE - Custom Collection
|